[Event "28.Schlosspark-Open"]
[Site "Wiesbaden-Biebrich"]
[Date "2016.08.26"]
[Round "2.84"]
[White "Rapp, Matthias"]
[Black "Klinke, Roland"]
[Result "1-0"]
[WhiteElo "1728"]
[BlackElo "1438"]
[PlyCount "51"]
[EventDate "2016.??.??"]
[WhiteTeam "SF Mainz"]
[BlackTeam "TuS Dotzheim"]

1. d4 Nf6 2. c4 g6 3. Nf3 Bg7 4. Nc3 d6 5. e4 Nbd7 6. h3 c5 7. e5 dxe5 8. dxe5
Ng8 9. e6 fxe6 10. Ng5 Nb6 11. Qxd8+ Kxd8 12. Nf7+ Kd7 13. Be3 Ke8 14. Nxh8
Bxh8 15. O-O-O Nd7 16. Be2 h5 17. Bd3 Kf7 18. Ne4 b6 19. Ng5+ Kf6 20. Be4 Rb8
21. Rhe1 Nh6 22. Nxe6 Nf7 23. Nc7 Nd6 24. Nd5+ Kf7 25. Bd3 Bb7 26. Nxe7 1-0

[Event "28.Schlosspark-Open"]
[Site "Wiesbaden-Biebrich"]
[Date "2016.08.26"]
[Round "2.85"]
[White "Reinisch, Markus"]
[Black "Tiggemann, Felix"]
[Result "0-1"]
[WhiteElo "1719"]
[BlackElo "1411"]
[PlyCount "72"]
[EventDate "2016.??.??"]
[WhiteTeam "Wiesbadener SV"]
[BlackTeam "SF SchÃ¶neck"]

1. e4 e6 2. d4 d5 3. exd5 exd5 4. Bd3 Nf6 5. Ne2 c5 6. b3 Nc6 7. Bb2 Qb6 8. c4
cxd4 9. cxd5 Nxd5 10. Bc4 Bb4+ 11. Kf1 Nde7 12. Nxd4 O-O 13. Nxc6 Nxc6 14. Qf3
Bd7 15. Qg3 Nd4 16. Bd3 Bf5 17. Nc3 Bxd3+ 18. Qxd3 Ne6 19. Nd5 Qd6 20. Nxb4
Qxb4 21. Rc1 Rfd8 22. Qc3 Qxc3 23. Bxc3 Rac8 24. Ke2 Nf4+ 25. Kf3 Nd3 26. Rc2
Re8 27. Rd1 Ne1+ 28. Bxe1 Rxc2 29. Rd7 Rxa2 30. Rxb7 h6 31. Bc3 Ra3 32. Bd4 a5
33. g3 a4 34. Bc5 Rxb3+ 35. Rxb3 axb3 36. Ba3 Ra8 0-1

[Event "28.Schlosspark-Open"]
[Site "Wiesbaden-Biebrich"]
[Date "2016.08.26"]
[Round "2.87"]
[White "Mang, Markus"]
[Black "Werner, Tom"]
[Result "1-0"]
[WhiteElo "1716"]
[BlackElo "1242"]
[PlyCount "51"]
[EventDate "2016.??.??"]
[WhiteTeam "SG Kaiserslautern"]
[BlackTeam "VSG Offenbach"]

1. d4 d5 2. c4 e6 3. Nf3 Nf6 4. g3 b6 5. Bg2 Nc6 6. Qc2 Nb4 7. Qd1 dxc4 8. Ne5
b5 9. Bxa8 Nfd5 10. a3 Na6 11. Bc6+ Ke7 12. Bxb5 f6 13. Nc6+ Ke8 14. Nxd8+ Kxd8
15. e4 Nb6 16. Nc3 Bb7 17. O-O c6 18. Ba4 Be7 19. Qg4 Rg8 20. Qxe6 Rf8 21. Bxc6
Bxc6 22. Qxc6 Nc7 23. Bf4 Nca8 24. Nb5 g5 25. Bc7+ Nxc7 26. Nxc7 1-0

[Event "28.Schlosspark-Open"]
[Site "Wiesbaden-Biebrich"]
[Date "2016.08.26"]
[Round "2.88"]
[White "Werner, Rosalie"]
[Black "Held, Maurice"]
[Result "0-1"]
[WhiteElo "909"]
[BlackElo "1708"]
[PlyCount "96"]
[EventDate "2016.??.??"]
[WhiteTeam "VSG Offenbach"]
[BlackTeam "SC Ladja RoÃŸdorf"]

1. e4 c5 2. Nf3 g6 3. d4 cxd4 4. Nxd4 Bg7 5. Nc3 Nc6 6. Be3 Nf6 7. Nf3 O-O 8.
Bc4 d6 9. h3 Na5 10. Bb3 Bd7 11. Qd2 b5 12. Bd5 Nxd5 13. Nxd5 Nc4 14. Qd3 Nxb2
15. Qb3 Nd3+ 16. Qxd3 Bxa1 17. O-O Bg7 18. Rb1 e6 19. Nc3 a6 20. Qxd6 Bxc3 21.
Rd1 Bc6 22. e5 Bxf3 23. gxf3 Bxe5 24. Qd3 Qxd3 25. Rxd3 Rfd8 26. Rb3 Rd1+ 27.
Kg2 Ra1 28. Ra3 Bb2 29. Ra5 Bc3 30. Ra3 Bb4 31. Rb3 a5 32. c3 Bxc3 33. Rxc3
Rxa2 34. Bd4 b4 35. Rb3 Rb8 36. Rd3 Rd8 37. Rb3 Rxd4 38. Rb1 Rdd2 39. Rf1 b3
40. Kg3 b2 41. Re1 Ra1 42. Re5 b1=Q 43. Rc5 Qb8+ 44. Kg2 Rdd1 45. f4 Qxf4 46.
h4 Rg1+ 47. Kh3 Rh1+ 48. Kg2 Rag1# 0-1